Censos económicos 1994 : sistema automatizado de información censal 3.1 /

Guardado en:
Bibliografiske detaljer
Institution som forfatter: Instituto Nacional de Estadística, Geografía e Informática
Format: Electronisk
Sprog:spansk
Udgivet: Aguascalientes, México : Instituto Nacional de Estadística, Geografía e Informática, 1996, c1996
Fag:
Tags: Tilføj Tag
Ingen Tags, Vær først til at tagge denne postø!

MARC

LEADER 00000nmm^a2200000^a^4500
001 000105432
005 20250521000000.0
009 20260310093458.871
020 |a 970-13-1064-0 
037 |a Acervo ITESO - Biblioteca 
041 |a ESP 
082 |a 330. 972  |b CEN 1994-sa 
110 |a Instituto Nacional de Estadística, Geografía e Informática 
240 1 1 |a [Censos económicos, 1994] 
245 1 0 |a Censos económicos 1994 :  |b sistema automatizado de información censal 3.1 /  |c INEGI. 
264 4 |a Aguascalientes, México :  |b Instituto Nacional de Estadística, Geografía e Informática,  |c 1996, c1996 
300 |a 1 disco compacto de computadora 
336 |a datos para computadora  |b cod  |2 rdacontenido 
337 |a computadora  |b c  |2 rdamedio 
338 |a disco de computadora  |b cd  |2 rdasoporte 
649 |a XX 
650 |a Sistemas de Información 
650 |a Economía -  |z México -  |x Estadísticas 
650 |a Empresas -  |z México -  |x Estadísticas 
650 |a Indicadores Económicos -  |z México 
650 |a México -  |x Condiciones Económicas 
910 |a Fondo General 
920 |a Electrónicos - Recursos en Disco 
905 |a 207 
901 |a 0800000171  |b IT2  |c SWB  |u 20250521 
902 |a https://opac.biblio.iteso.mx/vufind/Record/000105432